| 000 | 01144nas a2200241 i 4500 | ||
|---|---|---|---|
| 001 | 768714001 | ||
| 003 | CO-MdFUSB | ||
| 005 | 20240813134834.0 | ||
| 008 | 240813t1923 cr ||||| |||| 00| 0 eng d | ||
| 040 |
_bspa _cCO-MdFUSB _dCO-MdFUSB |
||
| 041 | _aeng | ||
| 100 | _eautor | ||
| 245 |
_aWe enter our protest _b/ [editor] _c/ |
||
| 520 | _a"En el siglo XX, predicar el evangelio en las repúblicas libres ponía en peligro la vida y la integridad física, mientras que las constituciones garantizaban la libertad de religión y de conciencia para todos". Más que nada, esta situación requiere de mucha oración para que el evangelio, a pesar de las fuerzas de la naturaleza, pueda seguir su camino y ser glorificado. | ||
| 546 | _aTexto en inglés. | ||
| 650 | 0 |
_aIglesia y problemas sociales _91177 |
|
| 650 | 0 |
_aEvangelización _9362 |
|
| 650 | 0 |
_aMisiones _9154 |
|
| 650 | 7 |
_aAntropología cultural y social _96714 |
|
| 773 | 0 |
_070761 _982937 _oR2741 _tLatin America Mission _w(CO-MdFUSB)768714001 _gVolumen 2, (número 5, 1923), páginas: 14 - 16 _qpágina: 14 |
|
| 942 | _cANA | ||
| 945 | _aCatherine Arias Álvarez - Practicante SENA | ||
| 999 |
_c70794 _d70794 |
||